Nghệ thuật trang trí rau câu
Sách gồm Chương 2 phần trang trí rau câu dạng phong cảnh và dạng nổi
Guardado en:
| Autor principal: | |
|---|---|
| Formato: | Libro |
| Lenguaje: | Undetermined |
| Publicado: |
Thành phố Hồ Chí Minh
Tổng hợp Thành phố Hồ Chí Minh
2008
|
| Materias: | |
| Etiquetas: |
Agregar Etiqueta
Sin Etiquetas, Sea el primero en etiquetar este registro!
|
| Thư viện lưu trữ: | Trung tâm Học liệu Trường Đại học Cần Thơ |
|---|
| LEADER | 00730nam a2200205Ia 4500 | ||
|---|---|---|---|
| 001 | CTU_105738 | ||
| 008 | 210402s9999 xx 000 0 und d | ||
| 020 | |c 58000 | ||
| 082 | |a 641.862 | ||
| 082 | |b M103 | ||
| 100 | |a Nguyễn, Thị Ngọc Mai | ||
| 245 | 0 | |a Nghệ thuật trang trí rau câu | |
| 245 | 0 | |c Nguyễn Thị Ngọc Mai | |
| 260 | |a Thành phố Hồ Chí Minh | ||
| 260 | |b Tổng hợp Thành phố Hồ Chí Minh | ||
| 260 | |c 2008 | ||
| 520 | |a Sách gồm Chương 2 phần trang trí rau câu dạng phong cảnh và dạng nổi | ||
| 650 | |a Desserts,Món tráng miệng | ||
| 904 | |i Trọng Hải | ||
| 980 | |a Trung tâm Học liệu Trường Đại học Cần Thơ | ||